BUBT Library Online Catalog

Salmond and Heuston on the Low of Torts/ (Record no. 1550)

000 -LEADER
fixed length control field 00636nam a2200229Ia 4500
003 - CONTROL NUMBER IDENTIFIER
control field BUBTL
008 - FIXED-LENGTH DATA ELEMENTS--GENERAL INFORMATION
fixed length control field 151213s9999 xx 000 0 und d
020 ## - INTERNATIONAL STANDARD BOOK NUMBER
International Standard Book Number 8175340452
082 ## - DEWEY DECIMAL CLASSIFICATION NUMBER
Classification number 346.03/ H487l/ 1992
100 ## - MAIN ENTRY--PERSONAL NAME
Personal name Heuston, R. F. V
9 (RLIN) 4591
245 ## - TITLE STATEMENT
Title Salmond and Heuston on the Low of Torts/
Statement of responsibility, etc. R . F. U .Henston, R. A. Buckley
250 ## - EDITION STATEMENT
Edition statement 20th ed
260 ## - PUBLICATION, DISTRIBUTION, ETC. (IMPRINT)
Place of publication, distribution, etc. Newzealand
Name of publisher, distributor, etc. Universale Law
Date of publication, distribution, etc. 1992
300 ## - PHYSICAL DESCRIPTION
Extent [c], 604p. :
Other physical details 21cm
500 ## - GENERAL NOTE
General note Includes Index
650 ## - SUBJECT ADDED ENTRY--TOPICAL TERM
Topical term or geographic name as entry element Law
650 ## - SUBJECT ADDED ENTRY--TOPICAL TERM
Topical term or geographic name as entry element Law
700 ## - ADDED ENTRY--PERSONAL NAME
Personal name R . F. U .Henston
9 (RLIN) 4592
856 ## - ELECTRONIC LOCATION AND ACCESS
Password 0
Logon 0
Link text Download
942 ## - ADDED ENTRY ELEMENTS (KOHA)
Source of classification or shelving scheme
Koha item type Books
Holdings
Withdrawn status Lost status Source of classification or shelving scheme Damaged status Not for loan Collection code Permanent location Current location Shelving location Date acquired Source of acquisition Inventory number Total Checkouts Full call number Barcode Date last seen Copy number Price effective from Koha item type
        Not For Loan Non-fiction Bangladesh University of Business and Technology Library Bangladesh University of Business and Technology Library Law Stacks 03/30/2005 Purchase 2003   346.03/ H487l/ 1992 BUBTL-20032003 06/19/2022 C-1 06/19/2022 Books

More Information About Library

Library Hours

  • Open: 9.00 am. to 9.00 pm.
  • Only Sunday: 9.00 am. to 6.00 pm.
  • Closed: Holiday

Contact to the University

Bangladesh University of Business and Technology Library

  • Mirpurl-2, 1216.
  • Phone:
  • Fax:
  • E-Mail: admin.library@bubt.edu.bd

Contact to the Library

Contact Person:

Md. Abdul Hakim Shah
Joint Librarian
PABX No:  113
Cell No: 01816332931
E-mail: official: admin.library@bubt.edu.bd
Personal: hakim.shah@bubt.edu.bd


BUBT Library

Copyright © 2021